[Event "Hillerod NSU op-A"]
[Site "Hillerod"]
[Date "2013.01.06"]
[Round "5"]
[White "Falkesgaard, Jorgen"]
[Black "Schultz Pedersen, Jesper"]
[Result "0-1"]
[WhiteElo "1923"]
[BlackElo "2183"]
[PlyCount "100"]
[EventDate "2013.01.04"]
[EventType "swiss"]
[EventRounds "5"]
[EventCountry "DEN"]
[SourceTitle "EXT 2018"]
[Source "ChessBase"]
[SourceDate "2017.10.13"]
[SourceVersion "1"]
[SourceVersionDate "2017.10.13"]
[SourceQuality "1"]

1. g3 e5 2. Bg2 Nc6 3. d3 f5 4. e4 fxe4 5. Bxe4 Nf6 6. Bg5 Bc5 7. Nc3 0-0 8. Bd5+ Kh8 9. Ne4 Be7 10. Bxf6 Bxf6 11. Qd2 Ne7 12. Nxf6 Rxf6 13. Bg2 Qf8 14. Nh3 d6 15. 0-0 Qe8 16. f4 Qh5 17. Ng5 exf4 18. gxf4 Bd7 19. Rae1 Nc6 20. Qe2 Qxe2 21. Rxe2 Raf8 22. Bxc6 Bxc6 23. Ne6 Rg6+ 24. Kf2 Rg2+ 25. Ke1 Rxe2+ 26. Kxe2 Re8 27. f5 Bd7 28. Kd2 c6 29. d4 Kg8 30. d5 cxd5 31. Nd4 Kf7 32. Rf3 Re4 33. Ne2 Rh4 34. h3 Kf6 35. Nf4 d4 36. Nd5+ Ke5 37. f6 gxf6 38. Nxf6 Bxh3 39. Ne8 Bd7 40. Ng7 Rh2+ 41. Kd3 Rh3 42. Rxh3 Bxh3 43. Nh5 Bf5+ 44. Kd2 Bg6 45. Ng3 h5 46. c3 dxc3+ 47. bxc3 h4 48. Ne2 Ke4 49. a4 Kf3 50. Ke1 h3 0-1

[Event "Copenhagen K41 Sommer C"]
[Site "Copenhagen"]
[Date "2012.06.16"]
[Round "5"]
[White "Olsen, Michael Richard W"]
[Black "Falkesgaard, Jorgen"]
[Result "1/2-1/2"]
[WhiteElo "1876"]
[BlackElo "1756"]
[PlyCount "100"]
[EventDate "2012.05.17"]
[EventType "tourn"]
[EventRounds "5"]
[EventCountry "DEN"]
[SourceTitle "EXT 2023"]
[Source "ChessBase"]
[SourceDate "2022.10.05"]
[SourceVersion "1"]
[SourceVersionDate "2022.10.05"]
[SourceQuality "1"]

1. e4 c5 2. Nf3 Nc6 3. c4 e5 4. Nc3 g6 5. d3 Bg7 6. Be3 d6 7. Qd2 f5 8. g3 Nf6 9. Bg2 0-0 10. Bg5 Ne7 11. 0-0-0 a6 12. Nh4 Rb8 13. Be3 Ng4 14. h3 Nxe3 15. fxe3 b5 16. Kc2 b4 17. Ne2 Qa5 18. Kb1 Qb6 19. exf5 Bxf5 20. Nxf5 Rxf5 21. Rdf1 Rbf8 22. e4 Rf2 23. Rhg1 Qd8 24. Qe1 R2f6 25. h4 Nc6 26. Bh3 Bh6 27. Rxf6 Rxf6 28. Rf1 Be3 29. Rxf6 Qxf6 30. Qf1 Qxf1+ 31. Bxf1 Bf2 32. Kc2 Nd4+ 33. Nxd4 exd4 34. g4 Bxh4 35. Kd2 Kg7 36. Ke2 Kf6 37. Kf3 Kg5 38. b3 h5 39. gxh5 Kxh5 40. Bh3 Kg5 41. Bc8 a5 42. Bh3 Kf6 43. Bg4 Ke7 44. Bh3 Kd8 45. Bg4 Kc7 46. Bh3 Be1 47. Bg4 Bd2 48. Bh3 Kb6 49. Bg4 a4 50. Bh3 axb3 1/2-1/2

[Event "Copenhagen K41 Sommer C"]
[Site "Copenhagen"]
[Date "2012.05.17"]
[Round "1"]
[White "Varming, Thomas"]
[Black "Falkesgaard, Jorgen"]
[Result "1-0"]
[WhiteElo "1797"]
[BlackElo "1756"]
[PlyCount "49"]
[EventDate "2012.05.17"]
[EventType "tourn"]
[EventRounds "5"]
[EventCountry "DEN"]
[SourceTitle "EXT 2023"]
[Source "ChessBase"]
[SourceDate "2022.10.05"]
[SourceVersion "1"]
[SourceVersionDate "2022.10.05"]
[SourceQuality "1"]

1. d4 Nf6 2. c4 e6 3. Nc3 b6 4. e4 Bb7 5. Bd3 Bb4 6. Qc2 0-0 7. Bg5 h6 8. Bh4 g5 9. Bg3 d5 10. cxd5 exd5 11. e5 Ne4 12. f3 Nxc3 13. bxc3 Be7 14. Nh3 c5 15. e6 Bf6 16. exf7+ Rxf7 17. 0-0 Nd7 18. Bg6 Rg7 19. Nf2 cxd4 20. Ng4 Ba6 21. Rfe1 d3 22. Bxd3 Bxd3 23. Qxd3 Nc5 24. Qxd5+ Kh7 25. Nxf6+ 1-0

[Event "Amager-ch"]
[Site "Amager"]
[Date "2009.09.08"]
[Round "2"]
[White "Falkesgaard, Jorgen"]
[Black "Sorensen, Rikke"]
[Result "1-0"]
[WhiteElo "1773"]
[BlackElo "1300"]
[PlyCount "37"]
[EventDate "2009.09.01"]
[EventType "swiss"]
[EventRounds "7"]
[EventCountry "DEN"]
[SourceTitle "EXT 2023"]
[Source "ChessBase"]
[SourceDate "2022.10.05"]
[SourceVersion "1"]
[SourceVersionDate "2022.10.05"]
[SourceQuality "1"]

1. e4 e5 2. Nf3 Nc6 3. Bb5 a6 4. Ba4 Bc5 5. 0-0 Nf6 6. c3 Nxe4 7. d4 Bd6 8. dxe5 Nxe5 9. Nxe5 Bxe5 10. Bc2 Nf6 11. Re1 d6 12. f4 Bg4 13. Qd3 Qe7 14. fxe5 dxe5 15. Bg5 Bd7 16. Nd2 0-0-0 17. Qe3 h6 18. Qa7 hxg5 19. Qa8# 1-0